| 000 | 01036nam a2200181Ia 4500 | ||
|---|---|---|---|
| 008 | 151202s9999||||xx |||||||||||||| ||und|| | ||
| 082 | _bPNVM-76342 | ||
| 100 | _aस्वामी व्ही.एन. | ||
| 245 | _aमहाराष्ट्रातील समाजसुधारक संत साहित्यिक आणिथोर भारतीय विचारवंत. | ||
| 260 | _b"विद्याभारती प्रकाशन,लातूर." | ||
| 260 | _c2005 | ||
| 300 | _a208 | ||
| 600 | _aस्वामी व्ही.एन. | ||
| 630 | _aमहाराष्ट्रातील समाजसुधारक संत साहित्यिक आणिथोर भारतीय विचारवंत. | ||
| 700 | _aस्वामी व्ही.एन. | ||
| 730 | _aमहाराष्ट्रातील समाजसुधारक संत साहित्यिक आणिथोर भारतीय विचारवंत. | ||
| 942 | _cBOOK | ||
| 999 |
_c1343001 _d1342998 |
||